000 01002nmc a2200349 a 4500
003 AR-BaBNM
005 20251128203929.0
008 011101s1993 ||||||||||||||000 | spa||
020 _a84-7112323-1
040 _cAR-BaBNM
100 1 _aKemmis, Stephen
245 1 0 _aEl curriculum
_bmás allá de la teoría de la reproducción
250 _a2ª ed.
260 _aMadrid
_bEdiciones Morata
_c1993
300 _a175 p.
490 0 _aPedagogía. La pedagogía hoy
504 _aBibliografía p. 166-173
650 4 _aPLANIFICACION DEL PROGRAMA
650 4 _aCONTENIDO DEL PROGRAMA
650 4 _aMETODOS DE ENSENANZA
650 4 _aTEORIAS DE LA EDUCACION
650 4 _aELABORACION DEL PLAN DE ESTUDIOS
650 4 _aBUROCRACIA
650 4 _aDEBATES [EDUCACION]
650 4 _aCAMBIO SOCIAL
650 4 _aCAMBIO CULTURAL
653 _aMETODOS EDUCATIVOS
700 1 _aFitzclarence, Lindsay
_ecolaborador
700 1 _aManzano, Pablo
_etraductor
942 _cBK
998 _cCarmen
999 _c5514
_d5514